Loading...
| Beliefs | 1 | 30.00 | 3,600% | 600% | 600% |
| Fine Arts - Auditory | 1 | 20.00 | 3,600% | 600% | 0% |
| History - European | 1 | 30.00 | 3,600% | 600% | 600% |
| History - World | 1 | 10.00 | 0% | 600% | 0% |
| Literature - American | 1 | 10.00 | 0% | 0% | 600% |
| Literature - British | 1 | 10.00 | 0% | 600% | 0% |
| Literature - European | 1 | 30.00 | 3,600% | 600% | 600% |
| Other Academic | 1 | 20.00 | 0% | 600% | 600% |
| Other Arts: Visual | 1 | 20.00 | 0% | 600% | 600% |
| Other Science: Astronomy | 1 | 20.00 | 3,600% | 600% | 0% |
| Philosophy | 1 | 20.00 | 3,600% | 0% | 600% |
| Science - Chemistry | 1 | 0.00 | 0% | 0% | 0% |
| Science - Physics | 1 | 20.00 | 3,600% | 600% | 0% |
| Social Science | 1 | 20.00 | 0% | 600% | 600% |
| 2 | 10.00 | 0% | 600% | 0% | |
| Beliefs | 7 | 14.29 | 1,029% | 343% | 314% |
| Current Events | 3 | 13.33 | 1,200% | 400% | 200% |
| Fine Arts - Auditory | 5 | 18.00 | 1,760% | 200% | 480% |
| Fine Arts - Other Arts | 1 | 10.00 | 0% | 600% | 0% |
| Fine Arts - Visual | 4 | 20.00 | 1,800% | 600% | 300% |
| Geography | 1 | 20.00 | 3,600% | 0% | 600% |
| History - American | 5 | 12.00 | 1,440% | 240% | 240% |
| History - European | 4 | 20.00 | 3,100% | 250% | 250% |
| History - World | 5 | 18.00 | 2,880% | 360% | 240% |
| Literature - American | 2 | 15.00 | 1,800% | 300% | 300% |
| Literature - British | 6 | 15.00 | 1,800% | 300% | 300% |
| Literature - European | 7 | 14.29 | 743% | 257% | 400% |
| Other Academic | 1 | 30.00 | 3,600% | 600% | 600% |
| Other Arts: Auditory | 1 | 20.00 | 3,600% | 600% | 0% |
| Other Arts: Visual | 3 | 20.00 | 2,400% | 200% | 533% |
| Other Science: Computer Science | 1 | 10.00 | 0% | 0% | 600% |
| Other Science: Earth Science | 1 | 20.00 | 3,600% | 600% | 0% |
| Other Science: Math | 1 | 20.00 | 0% | 600% | 600% |
| Philosophy | 2 | 10.00 | 0% | 600% | 0% |
| Science - Biology | 5 | 18.00 | 2,880% | 240% | 320% |
| Science - Chemistry | 4 | 17.50 | 1,800% | 450% | 300% |
| Science - Physics | 5 | 14.00 | 720% | 240% | 440% |
| Social Science | 3 | 13.33 | 1,200% | 200% | 400% |
| 10 | 16.00 | 1,440% | 400% | 300% |